NHL Teams that Overcame 3-0 Series Deficits - Statistics

General Stats
  • This quiz has been taken 99 times
  • The average score is 5 of 8
Answer Stats
Hint Answer % Correct
1942 Winner Toronto Maple Leafs
83%
1942 Loser Detroit Red Wings
76%
2014 Winner Los Angeles Kings
70%
2010 Loser Boston Bruins
62%
2010 Winner Philadelphia Flyers
62%
2014 Loser San Jose Sharks
55%
1975 Winner New York Islanders
50%
1975 Loser Pittsburgh Penguins
43%
No matching quizzes found
Score Distribution
Percent of People with Each Score
Percentile by Number Answered
Your Score History
You have not taken this quiz